Normal view
MARC view
- طبال،سهى عبد الرحيم مترجمة/الخطيب،بسمة محمد مراجعة/Kitikos,Effie P مؤلف/
Entry Personal Name
001 - CONTROL NUMBER
- control field: 43063
003 - CONTROL NUMBER IDENTIFIER
- control field: JO-AjAnu
005 - DATE AND TIME OF LATEST TRANSACTION
- control field: 20230606081136.0
008 - FIXED-LENGTH DATA ELEMENTS
- fixed length control field: 230606|| aca||aabn | a|a d
040 ## - CATALOGING SOURCE
- Original cataloging agency: JO-AjAnu
- Transcribing agency: JO-AjAnu
100 ## - HEADING--PERSONAL NAME
- Personal name: طبال،سهى عبد الرحيم مترجمة/الخطيب،بسمة محمد مراجعة/Kitikos,Effie P مؤلف/
670 ## - SOURCE DATA FOUND
- Source citation: Work cat.: (JO-AjAnu)22054: طبال،سهى عبد الرحيم مترجمة/الخطيب،بسمة محمد مراجعة/Kitikos,Effie P مؤلف/, author, أسس القياس في التربية الخاصة في الطفولة المبكرة=Foundation Of Assessment In Early Childhood Special Education